Départements français frontaliers de tous les autres de la même région - Statistiques

Statistiques générales
  • Ce quiz a été pris 24 fois
  • Le résultat moyen est 6 sur 7
Statistiques - réponses
Département % Correct
Corse-du-Sud
88%
Côtes-d'Armor
88%
Haute-Corse
88%
Morbihan
83%
Somme
79%
Loir-et-Cher
71%
Maine-et-Loire
63%
Aucun quiz correspondant
Distribution des résultats
% des personnes avec chaque résultat
Percentile par nombre de réponses
Votre historique - résultats
Vous n’avez pas pris ce quiz